| 000 | 00913nas a2200313 4500 | ||
|---|---|---|---|
| 001 | BR2017002985 | ||
| 003 | BR-BrBNA | ||
| 005 | 20231205131128.0 | ||
| 007 | ta | ||
| 008 | 230509b bl.|||p| |||| 00| 00por d | ||
| 040 |
_aBR-BrBNA _bpor _cBiblioteca Nacional de Agricultura |
||
| 041 | _a(Pt) | ||
| 072 | _aE70; E16 | ||
| 100 | 1 | _aBaumgratz, E.I. | |
| 100 | 1 | _aMera, C.M.P. de | |
| 100 | 1 | _aFiorin, J.E. | |
| 100 | 1 | _aCastro, N.L.M. de | |
| 100 | 1 | _aCastro, R. de | |
| 245 | 1 | _aProdução de trigo - A decisão por análise econômico-financeira | |
| 650 | _aTRIGO | ||
| 650 | _aPRODUÇÃO | ||
| 650 | _aPROPRIEDADE RURAL | ||
| 650 | _aANÁLISE ECONÔMICA | ||
| 650 | _aPREÇO | ||
| 650 | _aMERCADO | ||
| 773 | 0 |
_tRevista de Política Agrícola (Brazil) _xISSN 1413-4969 _g(Jul-Sep 2017), v. 26(3) p. 8-21 _wBR2017002985 |
|
| 909 |
_a202311 _bLúcia _c55 _dLúcia Elande |
||
| 942 |
_2AGRIS _n0 _cANA |
||
| 999 |
_c253169 _d253169 |
||